Olten - Statistics

General Stats
  • This quiz has been taken 10 times
  • The average score is 6 of 7
Answer Stats
Hint Answer % Correct
River Aare
100%
Language German
100%
Most popular sport Ice Hockey
100%
Canton Solothurn
100%
Transport Train
83%
Ugliest building Kanti Olten
50%
President of Olten Thomas Marbet
50%
No matching quizzes found
Score Distribution
Percent of People with Each Score
Percentile by Number Answered
Your Score History
You have not taken this quiz